• 首页
  • 本馆介绍
  • 公告通知
  • 最新文献
  • 馆藏检索
  • 电子资源
  • 读者导购
  • 参考咨询
  • 我的图书馆
  • 登录
  • 详细信息显示
  • 放入我的书架
  • 预约/预借图书
  • 作者相关作品
  • 分类相关作品
  • 丛书相关作品
  • 出版社相关作品

书目信息

  • 表格格式
  • 工作单格式
  • 卡片格式
题名:
无机及分析化学实验
    
 
作者: 贾佩云 , 陈春霞 主编
分册:  
出版信息: 北京   化学工业出版社  2013.09
页数: 248页
开本: 26cm
丛书名:
单 册:
中图分类: O61-33 , O652.1
科图分类:
主题词: 无机化学--化学实验--高等学校--教材 , 分析化学--化学实验--高等学校--教材 , 无机化学 , 化学实验 , 分析化学
电子资源:
ISBN: 978-7-122-17835-0
000 01019nam0 2200325 450
001 006209020
005 20140610084905.67
010    @a978-7-122-17835-0@dCNY30.00
100    @a20130914d2013 em y0chiy0110 ea
101 0  @achi
102    @aCN@b110000
105    @aak z 000yy
106    @ar
200 1  @a无机及分析化学实验@9wu ji ji fen xi hua xue shi yan@f贾佩云,陈春霞主编
210    @a北京@c化学工业出版社@d2013.09
215    @a248页@c图@d26cm
300    @a高等学校“十二五”规划教材
330    @a本书内容主要包括化学实验基本知识,无机化学实验,分析化学实验以及综合性、设计性实验四部分内容。
333    @a高校相关专业师生
606 0  @a无机化学@x化学实验@x高等学校@j教材
606 0  @a分析化学@x化学实验@x高等学校@j教材
606 0  @a无机化学
606 0  @a化学实验
606 0  @a分析化学
690    @aO61-33@v5
690    @aO652.1@v5
701  0 @a贾佩云@9jia pei yun@4主编
701  0 @a陈春霞@9chen chun xia@4主编
801  0 @aCN@b人天书店@c20130914
905    @b846937-40@dO61-33@e158@f4
    
    无机及分析化学实验/贾佩云,陈春霞主编.-北京:化学工业出版社,2013.09
    248页:图;26cm
    高等学校“十二五”规划教材.-使用对象:高校相关专业师生
    
    ISBN 978-7-122-17835-0:CNY30.00
    本书内容主要包括化学实验基本知识,无机化学实验,分析化学实验以及综合性、设计性实验四部分内容。
●
相关链接 在E读中查询图书 在五车中查询图书 在当当中查询图书 在豆瓣中查询图书


正题名:无机及分析化学实验     索取号:O61-33/158         预约/预借

序号 登录号 条形码 馆藏地/架位号 状态 备注
1 846937   208469370   第二样本阅览室/ [索取号:O61-33/158] 在馆    
2 846938   208469389   第三借阅区/ [索取号:O61-33/158] 在馆    
3 846939   208469398   第三借阅区/ [索取号:O61-33/158] 在馆    
4 846940   208469405   密集书库-化学系/ [索取号:O61-33/158] 在馆    
唐山师范学院图书馆 欢迎您!
大连网信软件有限公司© 版权所有